[Event "Naantali op"]
[Site "Naantali"]
[Date "2014.07.04"]
[Round "7"]
[White "Alkkiomaki, Jyrki"]
[Black "Jaderholm, Bo"]
[Result "1-0"]
[WhiteElo "1978"]
[BlackElo "1827"]
[PlyCount "141"]
[EventDate "2014.06.30"]
[EventType "swiss"]
[EventRounds "9"]
[EventCountry "FIN"]
[SourceTitle "CBM 161 Extra"]
[Source "ChessBase"]
[SourceDate "2014.08.29"]
[SourceVersion "1"]
[SourceVersionDate "2014.08.29"]
[SourceQuality "1"]

1. e4 e6 2. d4 d5 3. Nc3 dxe4 4. Nxe4 Nd7 5. Bd3 Ngf6 6. Bg5 Be7 7. Nxf6+ Nxf6 8. Nf3 0-0 9. 0-0 h6 10. Bh4 c5 11. dxc5 Bxc5 12. Qe2 Be7 13. Rad1 Qb6 14. c3 Bd7 15. Ne5 Bc6 16. Nxc6 Qxc6 17. Bb1 Rad8 18. Qc2 g6 19. Qe2 Kg7 20. Bg3 Bd6 21. Bxd6 Rxd6 22. Rxd6 Qxd6 23. Rd1 Qf4 24. g3 Qc7 25. Qd3 Rc8 26. Bc2 Qc4 27. Qxc4 Rxc4 28. Kf1 Rc5 29. Ke2 Re5+ 30. Kf3 Rb5 31. b3 Rd5 32. Rxd5 Nxd5 33. c4 Nb4 34. Bb1 Kf6 35. a3 Nc6 36. Ke4 Ke7 37. f4 f5+ 38. Ke3 Kd6 39. b4 a6 40. c5+ Kc7 41. Ba2 e5 42. fxe5 Nxe5 43. h3 Kc6 44. h4 Kb5 45. Kd4 Nc6+ 46. Kc3 Ka4 47. Kb2 Nd4 48. Bd5 Nc6 49. Bb3+ Kb5 50. Kc3 Ne5 51. Bd5 Nc6 52. Bb3 Ne5 53. Bd1 Kc6 54. Kd4 Nd7 55. Ba4+ Kc7 56. Bxd7 Kxd7 57. Ke5 Ke7 58. a4 Kd7 59. b5 axb5 60. axb5 g5 61. hxg5 hxg5 62. Kxf5 g4 63. Kxg4 Ke6 64. Kg5 Kd5 65. c6 bxc6 66. bxc6 Kxc6 67. Kf6 Kd7 68. Kf7 Kd6 69. g4 Ke5 70. g5 Kf5 71. g6 1-0

[Event "Naantali op"]
[Site "Naantali"]
[Date "2014.07.03"]
[Round "5"]
[White "Norri, Roger"]
[Black "Jaderholm, Bo"]
[Result "1-0"]
[WhiteElo "1903"]
[BlackElo "1827"]
[PlyCount "107"]
[EventDate "2014.06.30"]
[EventType "swiss"]
[EventRounds "9"]
[EventCountry "FIN"]
[SourceTitle "CBM 161 Extra"]
[Source "ChessBase"]
[SourceDate "2014.08.29"]
[SourceVersion "1"]
[SourceVersionDate "2014.08.29"]
[SourceQuality "1"]

1. e4 c5 2. Nf3 d6 3. c4 Nf6 4. Nc3 g6 5. d4 cxd4 6. Nxd4 Bg7 7. Be3 Ng4 8. Qd2 Nc6 9. Nxc6 bxc6 10. Bd4 Nf6 11. e5 dxe5 12. Bxe5 Qxd2+ 13. Kxd2 Ne4+ 14. Nxe4 Bxe5 15. Kc2 Bf5 16. Bd3 Rb8 17. Rab1 0-0 18. Rhd1 Rfd8 19. b3 Rd4 20. Nc5 Bxd3+ 21. Rxd3 Rxd3 22. Nxd3 Bd4 23. b4 e5 24. f3 f5 25. Re1 Re8 26. Nc1 Kf7 27. Nb3 Bf2 28. Re2 Bg1 29. h3 Kf6 30. a4 a6 31. Rd2 Bb6 32. c5 Bc7 33. Kc3 e4 34. Kc4 e3 35. Re2 f4 36. Nd4 Rd8 37. Re1 a5 38. b5 cxb5+ 39. axb5 a4 40. b6 Be5 41. Nc6 Rc8 42. Nxe5 Kxe5 43. Kb5 Kd5 44. Rd1+ Ke6 45. c6 a3 46. b7 Rb8 47. Kb6 a2 48. c7 e2 49. Re1 Re8 50. c8Q+ Rxc8 51. bxc8Q+ Kf6 52. Rxe2 a1Q 53. Qh8+ Kf5 54. Qxa1 1-0

[Event "Naantali op"]
[Site "Naantali"]
[Date "2014.07.01"]
[Round "3"]
[White "Haanila, Erkki"]
[Black "Jaderholm, Bo"]
[Result "1-0"]
[WhiteElo "1885"]
[BlackElo "1827"]
[PlyCount "71"]
[EventDate "2014.06.30"]
[EventType "swiss"]
[EventRounds "9"]
[EventCountry "FIN"]
[SourceTitle "CBM 161 Extra"]
[Source "ChessBase"]
[SourceDate "2014.08.29"]
[SourceVersion "1"]
[SourceVersionDate "2014.08.29"]
[SourceQuality "1"]

1. d4 e6 2. Nf3 Nf6 3. Bg5 Be7 4. Nbd2 d5 5. e3 c5 6. c3 cxd4 7. exd4 Nc6 8. Bd3 h6 9. Bh4 Bd7 10. 0-0 0-0 11. Qe2 Nh5 12. Bxe7 Nxe7 13. Bc2 a6 14. Ne5 Nf4 15. Qe3 Nfg6 16. f4 Bb5 17. Rf3 Nh4 18. Rh3 Nhf5 19. Qf2 Nd6 20. g4 f6 21. Nd3 Rc8 22. Qe3 Kf7 23. Re1 Bd7 24. Nc5 Rxc5 25. dxc5 Nb5 26. Nf3 Qc7 27. a4 Na7 28. b4 Nec6 29. Rh4 Re8 30. g5 hxg5 31. fxg5 e5 32. gxf6 gxf6 33. Rh7+ Kg8 34. Qh6 Re7 35. Qg6+ Kf8 36. Rh8# 1-0

[Event "FIN-ch op"]
[Site "Naantali"]
[Date "2013.07.02"]
[Round "2"]
[White "Jaderholm, Bo"]
[Black "Valkama, Arvo"]
[Result "1/2-1/2"]
[WhiteElo "1863"]
[BlackElo "1414"]
[PlyCount "64"]
[EventDate "2013.07.01"]
[EventType "swiss"]
[EventRounds "9"]
[EventCountry "FIN"]
[SourceTitle "EXT 2014"]
[Source "ChessBase"]
[SourceDate "2013.11.20"]
[SourceVersion "1"]
[SourceVersionDate "2013.11.20"]
[SourceQuality "1"]

1. e4 e5 2. Nf3 Nc6 3. Bb5 a6 4. Ba4 Nf6 5. Bxc6 dxc6 6. d3 Bd6 7. Nbd2 Bg4 8. b3 Qe7 9. h3 Bh5 10. Bb2 Nd7 11. Nc4 f6 12. 0-0 0-0 13. Re1 Nb6 14. Ne3 Bxf3 15. Qxf3 g6 16. Rad1 Rfe8 17. Qg3 Qf7 18. Nf5 Kh8 19. Nxd6 cxd6 20. f4 Nd7 21. Rf1 Qe7 22. c4 c5 23. h4 Rg8 24. Rf2 Raf8 25. Rdf1 h6 26. Qh3 Kg7 27. g3 Rh8 28. g4 g5 29. fxe5 fxe5 30. Rxf8 Rxf8 31. Rxf8 Nxf8 32. h5 Qf6 1/2-1/2

[Event "Naantali op"]
[Site "Naantali"]
[Date "2011.07.05"]
[Round "3"]
[White "Jaderholm, Bo"]
[Black "Ailasmaa, Kimmo"]
[Result "1/2-1/2"]
[WhiteElo "1878"]
[BlackElo "1820"]
[PlyCount "50"]
[EventDate "2011.07.04"]
[EventType "swiss"]
[EventRounds "9"]
[EventCountry "FIN"]
[SourceTitle "CBM 143 Extra"]
[Source "ChessBase"]
[SourceDate "2011.08.29"]
[SourceVersion "1"]
[SourceVersionDate "2011.08.29"]
[SourceQuality "1"]

1. e4 c5 2. Nf3 d6 3. d4 cxd4 4. Nxd4 Nf6 5. Nc3 a6 6. Be3 e6 7. Be2 Be7 8. f4 Qc7 9. Bf3 Nc6 10. Qd2 Bd7 11. g4 Nxd4 12. Bxd4 e5 13. Be3 Bc6 14. g5 exf4 15. Bxf4 Nd7 16. 0-0-0 Ne5 17. Be2 Rc8 18. Kb1 b5 19. Rhe1 0-0 20. h4 Bb7 21. Bxe5 dxe5 22. Qd7 Bb4 23. Bg4 Bxc3 24. Qxc7 Rxc7 25. bxc3 Rxc3 1/2-1/2

[Event "FIN-ch op"]
[Site "Naantali"]
[Date "2010.07.01"]
[Round "5"]
[White "Koivumaki, Marko"]
[Black "Jaderholm, Bo"]
[Result "1/2-1/2"]
[WhiteElo "1820"]
[BlackElo "1905"]
[PlyCount "32"]
[EventDate "2010.06.28"]
[EventType "swiss"]
[EventRounds "9"]
[EventCountry "FIN"]
[SourceTitle "CBM 137 Extra"]
[Source "ChessBase"]
[SourceDate "2010.09.01"]
[SourceVersion "1"]
[SourceVersionDate "2010.09.01"]
[SourceQuality "1"]

1. c4 e5 2. g3 Nf6 3. Bg2 d5 4. cxd5 Nxd5 5. d3 c6 6. Nf3 f6 7. Bd2 Bc5 8. 0-0 Be6 9. Nc3 Nd7 10. Nxd5 Bxd5 11. Bc3 Nf8 12. Qc2 Bb6 13. Rfd1 Qd7 14. e4 Be6 15. d4 exd4 16. Bxd4 Qc7 1/2-1/2

[Event "FIN-ch op"]
[Site "Naantali"]
[Date "2010.06.28"]
[Round "1"]
[White "Olander, Aleksi"]
[Black "Jaderholm, Bo"]
[Result "1-0"]
[WhiteElo "1911"]
[BlackElo "1905"]
[PlyCount "65"]
[EventDate "2010.06.28"]
[EventType "swiss"]
[EventRounds "9"]
[EventCountry "FIN"]
[SourceTitle "CBM 137 Extra"]
[Source "ChessBase"]
[SourceDate "2010.09.01"]
[SourceVersion "1"]
[SourceVersionDate "2010.09.01"]
[SourceQuality "1"]

1. d4 e6 2. c4 Nf6 3. g3 d5 4. Nf3 c5 5. cxd5 Nxd5 6. Bg2 cxd4 7. 0-0 Nc6 8. Nxd4 Nxd4 9. Qxd4 Qf6 10. Qc4 Nb6 11. Qc7 Qe7 12. Qc2 Qc5 13. Nc3 Be7 14. Be3 Qc7 15. Rfc1 0-0 16. Qb3 Qd6 17. Nb5 Qb4 18. Qxb4 Bxb4 19. Nxa7 Rxa7 20. Bxb6 Ra6 21. Bc5 Bxc5 22. Rxc5 g6 23. Rxc8 Rxc8 24. Bxb7 Rca8 25. Bxa8 Rxa8 26. a4 Kf8 27. b4 Ke7 28. b5 Kd6 29. a5 Kc5 30. b6 Kc6 31. Rc1+ Kb5 32. Rc7 Kxa5 33. Ra7+ 1-0

[Event "FIN-chT1A 0910"]
[Site "Finland"]
[Date "2009.09.20"]
[Round "3.7"]
[White "Ruotanen, Helge"]
[Black "Jaderholm, Bo"]
[Result "0-1"]
[WhiteElo "2025"]
[BlackElo "1908"]
[PlyCount "96"]
[EventDate "2009.09.19"]
[EventType "team-tourn"]
[EventRounds "7"]
[EventCountry "FIN"]
[SourceTitle "EXT 2022"]
[Source "ChessBase"]
[SourceDate "2021.10.06"]
[SourceVersion "1"]
[SourceVersionDate "2021.10.06"]
[SourceQuality "1"]
[WhiteTeam "Helsinki KS 58"]
[BlackTeam "Turku SY"]
[WhiteTeamCountry "FIN"]
[BlackTeamCountry "FIN"]

1. g3 d5 2. d3 e5 3. Bg2 Bc5 4. Nf3 Nc6 5. 0-0 Nf6 6. Nxe5 Nxe5 7. d4 Bd6 8. dxe5 Bxe5 9. c4 dxc4 10. Qc2 0-0 11. Na3 c6 12. Nxc4 Bc7 13. b3 Be6 14. Bb2 Nd5 15. Rad1 Qc8 16. e4 Ne7 17. Ba3 Re8 18. Rfe1 Ng6 19. f4 Bg4 20. Rd2 Bh3 21. Bf3 Bg4 22. Bh1 Qe6 23. Nd6 Bxd6 24. Rxd6 Qc8 25. Bb2 Qc7 26. Qc3 f6 27. e5 Rad8 28. Bd5+ Kh8 29. exf6 Rxe1+ 30. Qxe1 cxd5 31. fxg7+ Kg8 32. Rxd5 Ne7 33. Be5 Rxd5 34. Bxc7 Rd1 35. Kf2 Rxe1 36. Kxe1 Kxg7 37. Kd2 Kf6 38. Bd8 Ke6 39. Kc3 Nd5+ 40. Kd4 Nb4 41. Kc4 Nxa2 42. Ba5 Nc1 43. Bd2 Be2+ 44. Kc3 Nd3 45. Be3 b6 46. b4 Kd5 47. Bd4 Ke4 48. Bf6 Bf1 0-1

[Event "FIN-ch Seniors"]
[Site "Finland"]
[Date "2009.??.??"]
[Round "1"]
[White "Jaderholm, Bo"]
[Black "Pursiainen, Erkki"]
[Result "1-0"]
[WhiteElo "1898"]
[BlackElo "1971"]
[PlyCount "101"]
[EventDate "2009.06.??"]
[EventType "swiss"]
[EventRounds "9"]
[EventCountry "FIN"]
[SourceTitle "EXT 2011"]
[Source "ChessBase"]
[SourceDate "2010.11.26"]
[SourceVersion "1"]
[SourceVersionDate "2010.11.26"]
[SourceQuality "1"]

1. e4 e5 2. Nf3 Nf6 3. Nxe5 d6 4. Nf3 Nxe4 5. d4 d5 6. Bd3 Be7 7. 0-0 0-0 8. Re1 Nf6 9. Bg5 Bg4 10. Nbd2 Nbd7 11. Nf1 Ne4 12. Bxe7 Qxe7 13. Ne3 Be6 14. c4 c6 15. cxd5 cxd5 16. Qb3 Nb6 17. a4 Rac8 18. Rac1 Qd7 19. Bb5 Qd6 20. Ne5 Nd2 21. Qd3 Qb4 22. Nc2 Rxc2 23. Rxc2 Ne4 24. Qe3 a6 25. Bd3 Nf6 26. b3 Nc8 27. Rec1 Nd6 28. f3 Re8 29. Rd2 Nd7 30. Bb1 Nf8 31. Qc3 Qb6 32. a5 Qd8 33. Qc7 Qg5 34. Rcd1 Rd8 35. f4 Qf6 36. g3 Bh3 37. Re1 Ne6 38. Qc3 h5 39. Qf3 g6 40. Qxd5 Nf5 41. Qxb7 Nfxd4 42. Red1 Bg4 43. Rf1 Nc5 44. Qb6 Nde6 45. Rxd8+ Qxd8 46. Qxd8+ Nxd8 47. Nxg4 hxg4 48. b4 Nb3 49. Bd3 Nc6 50. Bxa6 Nxb4 51. Rb1 1-0

[Event "FIN-ch Seniors"]
[Site "Finland"]
[Date "2009.??.??"]
[Round "4"]
[White "Vehkalahti, Veli"]
[Black "Jaderholm, Bo"]
[Result "0-1"]
[WhiteElo "2081"]
[BlackElo "1898"]
[PlyCount "67"]
[EventDate "2009.06.??"]
[EventType "swiss"]
[EventRounds "9"]
[EventCountry "FIN"]
[SourceTitle "EXT 2011"]
[Source "ChessBase"]
[SourceDate "2010.11.26"]
[SourceVersion "1"]
[SourceVersionDate "2010.11.26"]
[SourceQuality "1"]

1. d4 d5 2. Nf3 Nf6 3. c4 e6 4. Nc3 Be7 5. Bg5 0-0 6. e3 Nbd7 7. Rc1 h6 8. Bh4 b6 9. Bd3 dxc4 10. Bxc4 Bb7 11. 0-0 a6 12. Bd3 c5 13. Qe2 b5 14. a3 Rc8 15. Bxf6 Nxf6 16. Rfd1 Qb6 17. dxc5 Rxc5 18. b4 Rc7 19. Nd4 Rfc8 20. Qb2 g6 21. Nce2 e5 22. Nb3 Qe6 23. Rxc7 Rxc7 24. Ng3 h5 25. f3 h4 26. Nf1 h3 27. Nc5 Bxc5 28. bxc5 Rxc5 29. Ng3 hxg2 30. Qxg2 Qb3 31. Qf1 Kg7 32. Qe2 Rc3 33. Bxg6 Kxg6 34. Ne4 0-1

[Event "FIN-ch Seniors"]
[Site "Mantta"]
[Date "2008.06.??"]
[Round "?"]
[White "Jaderholm, Bo"]
[Black "Haanpaa, Jorma"]
[Result "1/2-1/2"]
[WhiteElo "1891"]
[BlackElo "2109"]
[PlyCount "77"]
[EventDate "2008.06.??"]
[EventType "swiss"]
[EventRounds "9"]
[EventCountry "FIN"]
[SourceTitle "EXT 2009"]
[Source "ChessBase"]
[SourceDate "2008.11.26"]
[SourceVersion "1"]
[SourceVersionDate "2008.11.26"]
[SourceQuality "1"]

1. e4 c5 2. Nf3 Nc6 3. d4 cxd4 4. Nxd4 e5 5. Nb5 a6 6. Nd6+ Bxd6 7. Qxd6 Qf6 8. Qxf6 Nxf6 9. f3 d5 10. exd5 Nxd5 11. c3 Be6 12. Na3 f6 13. Nc2 b5 14. Ne3 Nb6 15. Bd3 Kf7 16. Kf2 Rhd8 17. Be2 Rac8 18. Rd1 Rxd1 19. Bxd1 b4 20. Bd2 Rd8 21. Be1 a5 22. Bc2 g6 23. Be4 Nd5 24. Nxd5 Bxd5 25. Bxd5+ Rxd5 26. Ke2 Ke6 27. Rc1 Rc5 28. Kd3 f5 29. c4 Nd8 30. Bf2 Rc6 31. b3 Nb7 32. Re1 Kf6 33. Rc1 Nd6 34. Rc2 g5 35. Re2 Nf7 36. c5 Ke6 37. Rd2 Kd5 38. Kc2+ Ke6 39. Kd3 1/2-1/2

[Event "FIN-ch Seniors"]
[Site "Mantta"]
[Date "2008.06.??"]
[Round "?"]
[White "Jaderholm, Bo"]
[Black "Kivipelto, Kaj Erik"]
[Result "1/2-1/2"]
[WhiteElo "1891"]
[BlackElo "2162"]
[PlyCount "25"]
[EventDate "2008.06.??"]
[EventType "swiss"]
[EventRounds "9"]
[EventCountry "FIN"]
[SourceTitle "EXT 2009"]
[Source "ChessBase"]
[SourceDate "2008.11.26"]
[SourceVersion "1"]
[SourceVersionDate "2008.11.26"]
[SourceQuality "1"]

1. e4 c5 2. Nf3 Nc6 3. Nc3 d6 4. d4 cxd4 5. Nxd4 Nf6 6. f3 e6 7. Be3 a6 8. Qd2 Qc7 9. h4 Be7 10. g4 Ne5 11. Qf2 b5 12. a3 Bb7 13. Be2 1/2-1/2

[Event "FIN-ch Seniors"]
[Site "Mantta"]
[Date "2008.06.??"]
[Round "?"]
[White "Leukkunen, Raimo"]
[Black "Jaderholm, Bo"]
[Result "0-1"]
[WhiteElo "1937"]
[BlackElo "1891"]
[PlyCount "114"]
[EventDate "2008.06.??"]
[EventType "swiss"]
[EventRounds "9"]
[EventCountry "FIN"]
[SourceTitle "EXT 2009"]
[Source "ChessBase"]
[SourceDate "2008.11.26"]
[SourceVersion "1"]
[SourceVersionDate "2008.11.26"]
[SourceQuality "1"]

1. e4 c5 2. Nf3 d6 3. d4 cxd4 4. Nxd4 Nf6 5. Nc3 a6 6. Be3 Ng4 7. Qd2 Nxe3 8. Qxe3 g6 9. Bc4 Bg7 10. 0-0-0 0-0 11. h4 h5 12. f4 Nc6 13. Nf3 Na5 14. Be2 Be6 15. Nd5 Rc8 16. e5 Rc6 17. Ng5 Bf5 18. c3 e6 19. Nb4 Rb6 20. Rd4 d5 21. Rhd1 Qc7 22. b3 Rc8 23. Kb2 Bf8 24. Qg3 Bxb4 25. cxb4 Qc2+ 26. Ka3 Qxe2 27. R4d2 Qb5 28. bxa5 Qxa5+ 29. Kb2 Rbc6 30. Qf2 Rc2+ 31. Rxc2 Rxc2+ 32. Qxc2 Bxc2 33. Kxc2 Qxa2+ 34. Kc3 Qxg2 35. Rd3 Qg4 36. Rf3 Qxh4 37. Kd4 Qh2 38. Kc5 Qc2+ 39. Kd4 Kf8 40. Nh7+ Ke8 41. Nf6+ Kd8 42. f5 exf5 43. Rd3 h4 44. Nxd5 h3 45. Rxh3 Qe4+ 46. Kc5 Qxe5 47. Re3 Qh2 48. Rd3 Qf2+ 49. Kc4 b5+ 50. Kc3 Qc5+ 51. Kd2 Qf2+ 52. Kc3 Ke8 53. Nc7+ Ke7 54. Nxa6 f4 55. Kb4 f3 56. Nc5 Qe1+ 57. Kxb5 f2 0-1

[Event "Naantali Summer op"]
[Site "Naantali"]
[Date "2005.07.??"]
[Round "1"]
[White "Topi Hulmi, Teemu"]
[Black "Jaderholm, Bo"]
[Result "1-0"]
[WhiteElo "2245"]
[BlackElo "1940"]
[PlyCount "93"]
[EventDate "2005.07.04"]
[EventType "swiss"]
[EventRounds "9"]
[EventCountry "FIN"]
[SourceTitle "EXT 2022"]
[Source "ChessBase"]
[SourceDate "2021.10.06"]
[SourceVersion "1"]
[SourceVersionDate "2021.10.06"]
[SourceQuality "1"]

1. e4 c5 2. Nc3 Nc6 3. g3 g6 4. d3 Bg7 5. Bg2 d6 6. Be3 Nf6 7. h3 Qb6 8. Rb1 Qa5 9. Nge2 0-0 10. 0-0 Bd7 11. Qd2 Rfe8 12. f4 Rab8 13. g4 b5 14. Ng3 b4 15. Nce2 Kh8 16. f5 Ng8 17. Nc1 Rb5 18. Qf2 Nd4 19. Nb3 Nxb3 20. axb3 Qc7 21. fxg6 fxg6 22. Ne2 Rf8 23. Qh4 Qc8 24. Nf4 Qe8 25. Nd5 Qd8 26. Rxf8 Bxf8 27. Rf1 Kg7 28. Qf2 Rb8 29. d4 cxd4 30. Qf7+ Kh8 31. Bxd4+ e5 32. Bxa7 Nh6 33. Qf2 Ra8 34. Bb6 Qb8 35. Nc7 Bg7 36. Nxa8 Qxa8 37. Bc7 Qc6 38. Qb6 Qxc2 39. Bxd6 Bc6 40. Qxb4 Qxb2 41. Bf8 Ng8 42. Bxg7+ Kxg7 43. Qf8+ Kh8 44. Rf7 Qc1+ 45. Kh2 Qh6 46. Qxh6 Nxh6 47. Re7 1-0

[Event "FIN-chT1A 0304"]
[Site "Finland"]
[Date "2003.11.15"]
[Round "3.5"]
[White "Junnila, Ville"]
[Black "Jaderholm, Bo"]
[Result "1-0"]
[WhiteElo "2056"]
[BlackElo "2007"]
[PlyCount "93"]
[EventDate "2003.09.??"]
[EventType "team-tourn"]
[EventRounds "7"]
[EventCountry "FIN"]
[SourceTitle "EXT 2022"]
[Source "ChessBase"]
[SourceDate "2021.10.06"]
[SourceVersion "1"]
[SourceVersionDate "2021.10.06"]
[SourceQuality "1"]
[WhiteTeam "Turku TS II"]
[BlackTeam "Turku SY"]
[WhiteTeamCountry "FIN"]
[BlackTeamCountry "FIN"]

1. e4 c5 2. Nc3 d6 3. g3 Nf6 4. Bg2 Nc6 5. d3 g6 6. h3 Bg7 7. Be3 0-0 8. Qd2 Re8 9. Bh6 Bh8 10. f4 Qa5 11. f5 Nh5 12. Nge2 Nd4 13. g4 Nxe2 14. Nxe2 Qxd2+ 15. Kxd2 Bxb2 16. gxh5 Bxa1 17. Rxa1 gxf5 18. exf5 Bxf5 19. Rg1 Kh8 20. Bxb7 Rab8 21. Bg7+ Kg8 22. Bc6 Rec8 23. Ba4 Bxh3 24. Nf4 Be6 25. Nxe6 fxe6 26. Bd7 Kf7 27. Bh6 e5 28. Rf1+ Kg8 29. Be6+ Kh8 30. Rg1 Rg8 31. Rxg8+ Rxg8 32. Bxg8 Kxg8 33. Ke3 Kf7 34. Ke4 e6 35. Bg5 Ke8 36. Be3 Kf7 37. Kf3 Kg7 38. Kg4 h6 39. Kf3 Kh7 40. Ke4 Kg7 41. c3 a6 42. a3 Kh7 43. Bxc5 dxc5 44. Kxe5 Kg7 45. Kxe6 a5 46. Ke7 a4 47. d4 1-0